[Event "Stay Safe Play From Home 176"]
[Site "T#646357Emanuel Laske"]
[Date "2020.05.26"]
[Round "3"]
[White "Eidgenosse"]
[Black "Trotsky"]
[Result "1-0"]
[WhiteElo "2411"]
[BlackElo "1603"]
[Annotator "TA"]
[PlyCount "63"]
[EventDate "2020.05.26"]
[EventType "swiss (blitz)"]

{[%evp 9,63,0,-4,-3,11,4,47,2,95,40,306,294,439,444,451,420,510,481,587,580,577,570,739,517,606,595,606,422,675,627,946,740,951,929,882,582,540,487,1110,1108,1163,1112,1327,1037,1104,1082,1110,649,646,635,610,607,684,668,685,675]} 1. Nf3 c5 2. g3 Nc6 3. Bg2 e6 4. O-O d5 5. d3 Bd6 6. Nbd2 {A08: King's Indian Attack.} Qc7 7. e4 Nf6 8. Re1 {White is slightly better.} Bd7 (8... O-O $11) 9. Qe2 (9. exd5 $16 Nxd5 10. Nc4) 9... O-O-O $2 {[%mdl 8192]} ({Black should try} 9... dxe4 $14 10. Nxe4 Nxe4 11. Qxe4 f6) 10. e5 $18 {[%mdl 64] [#] Double Attack} Ng4 $146 (10... Be7 $142 11. exf6 gxf6) ({Predecessor:} 10... Be7 11. exf6 gxf6 12. c3 Kb8 13. Nb3 h5 14. Be3 b6 15. a4 a5 16. Bd2 Bd6 {1-0 (47) Mullah,H (1160)-Raubenheimer,L (1139) Bloemfontein 2016}) 11. exd6 Qxd6 12. Nb3 h5 13. Bf4 {White is clearly winning.} e5 14. Nxe5 Ncxe5 15. Bxe5 Qb6 16. d4 Rde8 17. Qd2 c4 18. Nc5 f6 (18... Nxe5 $142 19. Qg5 (19. dxe5 Qxc5 20. Bxd5 Bc6 $16) (19. Bxd5 Bc6 $18) 19... f6 20. Qxg7 Reg8 21. Nxd7 Nxd7) 19. Nxd7 Qc6 20. Bf4 g5 21. Rxe8+ Rxe8 22. Be3 Qxd7 23. h3 Rh8 (23... Nxe3 $142 24. fxe3 Kb8) 24. hxg4 Qxg4 25. Re1 h4 26. Qe2 Qd7 27. Qf3 h3 28. Qxd5 hxg2 29. Qxd7+ Kxd7 30. Kxg2 Kc6 31. c3 Rd8 32. Bd2 {Black got outplayed after the opening. Accuracy: White = 50%, Black = 11%.} 1-0

[Event "Stay Safe Play From Home 176"]
[Site "T#646357Emanuel Laske"]
[Date "2020.05.26"]
[Round "3"]
[White "Praveen prasad"]
[Black "Mepe_Nika"]
[Result "1/2-1/2"]
[WhiteElo "2256"]
[BlackElo "2251"]
[Annotator "NA"]
[PlyCount "148"]
[EventDate "2020.05.26"]
[EventType "swiss (blitz)"]

1. e4 {[%emt 0:00:00]} e5 {[%emt 0:00:01]} 2. Nf3 {[%emt 0:00:01]} Nc6 {[%emt 0:00:01]} 3. Nc3 {[%emt 0:00:01]} Nf6 {[%emt 0:00:01]} 4. Bb5 {[%emt 0:00:00]} d6 {[%emt 0:00:02]} 5. d4 {[%emt 0:00:01]} exd4 {[%emt 0:00:00]} 6. Nxd4 {[%emt 0:00:00]} Bd7 {[%emt 0:00:00]} 7. O-O {[%emt 0:00:00]} Be7 {[%emt 0:00:01]} 8. Bg5 {[%emt 0:00:01]} Nxd4 {[%emt 0:00:01]} 9. Qxd4 {[%emt 0:00:00]} O-O {[%emt 0:00:01]} 10. Rfe1 {[%emt 0:00:01]} a6 {[%emt 0:00:01]} 11. Bxd7 {[%emt 0:00:01]} Qxd7 {[%emt 0:00:00]} 12. Bxf6 {[%emt 0:00:01]} Bxf6 {[%emt 0:00:01]} 13. e5 {[%emt 0:00:00]} Be7 {[%emt 0:00:03]} 14. Rad1 {[%emt 0:00:01]} Qc6 {[%emt 0:00:03]} 15. Nd5 {[%emt 0:00:01]} Bd8 {[%emt 0:00:03]} 16. exd6 {[%emt 0:00:05]} Qxd6 {[%emt 0:00:00]} 17. c4 {[%emt 0:00:01]} c6 {[%emt 0:00:03]} 18. Nc3 {[%emt 0:00:03]} Qxd4 {[%emt 0:00:00]} 19. Rxd4 {[%emt 0:00:00]} Bf6 {[%emt 0:00:01]} 20. Rd3 {[%emt 0:00:00]} Rad8 {[%emt 0:00:01]} 21. Rxd8 {[%emt 0:00:03]} Rxd8 {[%emt 0:00:02]} 22. g3 {[%emt 0:00:00]} Bxc3 {[%emt 0:00:01]} 23. bxc3 {[%emt 0:00:00]} Kf8 {[%emt 0:00:00]} 24. c5 {[%emt 0:00:03]} Rd5 {[%emt 0:00:01]} 25. Rb1 {[%emt 0:00:01]} Rxc5 {[%emt 0:00:01]} 26. Rxb7 {[%emt 0:00:00]} Rxc3 {[%emt 0:00:00]} 27. Rb6 {[%emt 0:00:02]} Ra3 {[%emt 0:00:01]} 28. Rxc6 {[%emt 0:00:00]} Rxa2 {[%emt 0:00:00]} 29. Rc7 {[%emt 0:00:00]} g6 {[%emt 0:00:01]} 30. h4 {[%emt 0:00:01]} Kg7 {[%emt 0:00:01]} 31. Rc6 {[%emt 0:00:00]} a5 {[%emt 0:00:01]} 32. Kg2 {[%emt 0:00:00]} a4 {[%emt 0:00:01]} 33. g4 {[%emt 0:00:01]} a3 {[%emt 0:00:01]} 34. Kg3 {[%emt 0:00:02]} h6 {[%emt 0:00:01]} 35. Ra6 {[%emt 0:00:01]} Ra1 {[%emt 0:00:01]} 36. f3 {[%emt 0:00:01]} a2 {[%emt 0:00:01]} 37. Kf4 {[%emt 0:00:01]} h5 {[%emt 0:00:04]} 38. gxh5 {[%emt 0:00:01]} gxh5 {[%emt 0:00:00]} 39. Kf5 {[%emt 0:00:03]} Kf8 {[%emt 0:00:01]} 40. Kf6 {[%emt 0:00:02]} Ke8 {[%emt 0:00:01]} 41. Ra8+ {[%emt 0:00:01]} Kd7 {[%emt 0:00:01]} 42. f4 {[%emt 0:00:01]} Kc6 {[%emt 0:00:01]} 43. f5 {[%emt 0:00:00]} Kd5 {[%emt 0:00:01]} 44. Kxf7 {[%emt 0:00:01]} Ke5 {[%emt 0:00:03]} 45. Ra5+ {[%emt 0:00:00]} Kf4 {[%emt 0:00:01]} 46. f6 {[%emt 0:00:01]} Kg4 {[%emt 0:00:02]} 47. Kg6 {[%emt 0:00:03]} Kxh4 {[%emt 0:00:01]} 48. Kh6 {[%emt 0:00:01]} Kg4 {[%emt 0:00:00]} 49. Ra4+ {[%emt 0:00:01]} Kg3 {[%emt 0:00:01]} 50. f7 {[%emt 0:00:00]} Rf1 {[%emt 0:00:02]} 51. Rxa2 {[%emt 0:00:00]} Rxf7 {[%emt 0:00:01]} 52. Kxh5 {[%emt 0:00:01]} Kf4 {[%emt 0:00:00]} 53. Kg6 {[%emt 0:00:00]} Ke5 {[%emt 0:00:00] Mepe_Nika offers a draw} 54. Re2+ {[%emt 0:00:01]} Kd6 {[%emt 0:00:00]} 55. Kxf7 {[%emt 0:00:00]} Kd5 {[%emt 0:00:00]} 56. Re6 {[%emt 0:00:00]} Kd4 {[%emt 0:00:00]} 57. Kf6 {[%emt 0:00:00]} Kd5 {[%emt 0:00:00]} 58. Re5+ {[%emt 0:00:00]} Kd4 {[%emt 0:00:00]} 59. Kf5 {[%emt 0:00:00]} Kd3 {[%emt 0:00:00]} 60. Kf4 {[%emt 0:00:00]} Kd4 {[%emt 0:00:00]} 61. Kf5 {[%emt 0:00:00]} Kd3 {[%emt 0:00:01]} 62. Re4 {[%emt 0:00:00]} Kc3 {[%emt 0:00:01]} 63. Ke5 {[%emt 0:00:00]} Kd3 {[%emt 0:00:00] Mepe_Nika offers a draw} 64. Kd5 {[%emt 0:00:00]} Kc3 {[%emt 0:00:00]} 65. Rd4 {[%emt 0:00:00]} Kb3 {[%emt 0:00:01]} 66. Ke4 {[%emt 0:00:00]} Kc3 {[%emt 0:00:00]} 67. Ke3 {[%emt 0:00:00]} Kc2 {[%emt 0:00:00]} 68. Rd3 {[%emt 0:00:01]} Kb2 {[%emt 0:00:01]} 69. Kd4 {[%emt 0:00:00]} Kc2 {[%emt 0:00:00]} 70. Kc4 {[%emt 0:00:00]} Kb2 {[%emt 0:00:00]} 71. Rc3 {[%emt 0:00:00]} Kb1 {[%emt 0:00:01]} 72. Kb4 {[%emt 0:00:00]} Ka2 {[%emt 0:00:00]} 73. Rc4 {[%emt 0:00:00]} Kb2 {[%emt 0:00:00]} 74. Rc3 {[%emt 0:00:01]} Kb1 {[%emt 0:00:00]} 1/2-1/2

[Event "Stay Safe Play From Home 176"]
[Site "T#646357Emanuel Laske"]
[Date "2020.05.26"]
[Round "3"]
[White "SoulofWolf"]
[Black "Fischer_11"]
[Result "1-0"]
[WhiteElo "2179"]
[BlackElo "1921"]
[Annotator "NA"]
[PlyCount "85"]
[EventDate "2020.05.26"]
[EventType "swiss (blitz)"]

1. d4 {[%emt 0:00:00]} e5 {[%emt 0:00:02]} 2. Nf3 {[%emt 0:00:00]} Nc6 {[%emt 0:00:01]} 3. d5 {[%emt 0:00:01]} e4 {[%emt 0:00:01]} 4. dxc6 {[%emt 0:00:00]} exf3 {[%emt 0:00:00]} 5. exf3 {[%emt 0:00:01]} bxc6 {[%emt 0:00:01]} 6. Bd3 {[%emt 0:00:01]} d5 {[%emt 0:00:00]} 7. O-O {[%emt 0:00:00]} Be7 {[%emt 0:00:01]} 8. Re1 {[%emt 0:00:00]} Nf6 {[%emt 0:00:00]} 9. Qe2 {[%emt 0:00:01]} O-O {[%emt 0:00:00]} 10. Qxe7 {[%emt 0:00:01]} Qxe7 {[%emt 0:00:01]} 11. Rxe7 {[%emt 0:00:00]} c5 {[%emt 0:00:01]} 12. b3 {[%emt 0:00:01]} c6 {[%emt 0:00:02]} 13. Bb2 {[%emt 0:00:00]} Be6 {[%emt 0:00:00]} 14. Rc7 {[%emt 0:00:02]} Rfc8 {[%emt 0:00:03]} 15. Rxc8+ {[%emt 0:00:01]} Rxc8 {[%emt 0:00:00]} 16. Nd2 {[%emt 0:00:01]} a5 {[%emt 0:00:03]} 17. c4 {[%emt 0:00:00]} a4 {[%emt 0:00:01]} 18. Re1 {[%emt 0:00:01]} axb3 {[%emt 0:00:01]} 19. axb3 {[%emt 0:00:00]} d4 {[%emt 0:00:02]} 20. g4 {[%emt 0:00:03]} Rb8 {[%emt 0:00:01]} 21. Bc2 {[%emt 0:00:04]} Nd7 {[%emt 0:00:01]} 22. h3 {[%emt 0:00:04]} Kf8 {[%emt 0:00:01]} 23. f4 {[%emt 0:00:01]} g6 {[%emt 0:00:01]} 24. Ba3 {[%emt 0:00:05]} Ra8 {[%emt 0:00:02]} 25. Ra1 {[%emt 0:00:01]} Ke8 {[%emt 0:00:02]} 26. Bb2 {[%emt 0:00:01]} Rxa1+ {[%emt 0:00:02]} 27. Bxa1 {[%emt 0:00:00]} f5 {[%emt 0:00:04]} 28. f3 {[%emt 0:00:01]} Ke7 {[%emt 0:00:04]} 29. Kf2 {[%emt 0:00:01]} Kd6 {[%emt 0:00:01]} 30. Bd3 {[%emt 0:00:01]} fxg4 {[%emt 0:00:02]} 31. fxg4 {[%emt 0:00:02]} Nf6 {[%emt 0:00:02]} 32. Kf3 {[%emt 0:00:01]} h5 {[%emt 0:00:01]} 33. Bb2 {[%emt 0:00:01]} hxg4+ {[%emt 0:00:01]} 34. hxg4 {[%emt 0:00:00]} Bxg4+ {[%emt 0:00:01]} 35. Kg3 {[%emt 0:00:00]} Bf5 {[%emt 0:00:01]} 36. Be2 {[%emt 0:00:02]} Ke6 {[%emt 0:00:02]} 37. Bf3 {[%emt 0:00:01]} Kd6 {[%emt 0:00:02]} 38. Ba3 {[%emt 0:00:01]} Be6 {[%emt 0:00:05]} 39. b4 {[%emt 0:00:01]} Bf5 {[%emt 0:00:00]} 40. bxc5+ {[%emt 0:00:01]} Kc7 {[%emt 0:00:01]} 41. Bb4 {[%emt 0:00:01]} Bd3 {[%emt 0:00:01]} 42. Ba5+ {[%emt 0:00:01]} Kd7 {[%emt 0:00:02]} 43. Bb6 {[%emt 0:00:01] Zeit (Lag: Av=0.36s, max=1.1s)} 1-0

[Event "Stay Safe Play From Home 176"]
[Site "T#646357Emanuel Laske"]
[Date "2020.05.26"]
[Round "3"]
[White "Tunca"]
[Black "UHU4"]
[Result "1-0"]
[WhiteElo "1848"]
[BlackElo "1459"]
[Annotator "NA RC"]
[PlyCount "35"]
[EventDate "2020.05.26"]
[EventType "swiss (blitz)"]

1. e4 {[%emt 0:00:01]} d5 {[%emt 0:00:03]} 2. exd5 {[%emt 0:00:01]} Qxd5 {[%emt 0:00:00]} 3. Nf3 {[%emt 0:00:00]} Bg4 {[%emt 0:00:02]} 4. Nc3 {[%emt 0:00:02]} Bxf3 {[%emt 0:00:05]} 5. Nxd5 {[%emt 0:00:02]} Bxd1 {[%emt 0:00:02]} 6. Nxc7+ {[%emt 0:00:01]} Kd7 {[%emt 0:00:02]} 7. Nxa8 {[%emt 0:00:01]} Bxc2 {[%emt 0:00:01]} 8. Bb5+ {[%emt 0:00:08]} Nc6 {[%emt 0:00:02]} 9. d3 {[%emt 0:00:02]} Kc8 {[%emt 0:00:14] UHU4 reconnected.} 10. Bf4 {[%emt 0:00:03]} e5 {[%emt 0:00:03]} 11. Bxc6 {[%emt 0:00:03]} exf4 {[%emt 0:00:01]} 12. Be4 {[%emt 0:00:04]} Kb8 {[%emt 0:00:05]} 13. Rc1 {[%emt 0:00:01]} Ba4 {[%emt 0:00:04]} 14. O-O {[%emt 0:00:01]} Nf6 {[%emt 0:00:02]} 15. Nc7 {[%emt 0:00:02]} Nxe4 {[%emt 0:00:06]} 16. dxe4 {[%emt 0:00:00]} Bc6 {[%emt 0:00:03]} 17. Nd5 {[%emt 0:00:01]} Bd6 {[%emt 0:00:03]} 18. Rfd1 {[%emt 0:00:04] Tiempo (Lag: Av=0.54s, max=0.9s)} 1-0

[Event "Stay Safe Play From Home 176"]
[Site "T#646357Emanuel Laske"]
[Date "2020.05.26"]
[Round "3"]
[White "Justwatch"]
[Black "Lazieri3"]
[Result "0-1"]
[WhiteElo "1729"]
[BlackElo "2025"]
[Annotator "NA RC"]
[PlyCount "58"]
[EventDate "2020.05.26"]
[EventType "swiss (blitz)"]

1. e4 {[%emt 0:00:02]} c6 {[%emt 0:00:00]} 2. Nf3 {[%emt 0:00:02]} d5 {[%emt 0:00:00]} 3. exd5 {[%emt 0:00:00]} cxd5 {[%emt 0:00:00]} 4. d4 {[%emt 0:00:00]} Nc6 {[%emt 0:00:00]} 5. Be3 {[%emt 0:00:00]} Nf6 {[%emt 0:00:01]} 6. Nbd2 {[%emt 0:00:00]} Bf5 {[%emt 0:00:01]} 7. c4 {[%emt 0:00:00]} e6 {[%emt 0:00:01]} 8. c5 {[%emt 0:00:01]} Ne4 {[%emt 0:00:01]} 9. a3 {[%emt 0:00:00]} Nxd2 {[%emt 0:00:01]} 10. Qxd2 {[%emt 0:00:00]} Be7 {[%emt 0:00:01]} 11. Bb5 {[%emt 0:00:00]} O-O {[%emt 0:00:01]} 12. Bxc6 {[%emt 0:00:00]} bxc6 {[%emt 0:00:01]} 13. Ne5 {[%emt 0:00:00]} Rc8 {[%emt 0:00:01]} 14. O-O {[%emt 0:00:01]} Bf6 {[%emt 0:00:01]} 15. h3 {[%emt 0:00:00]} h6 {[%emt 0:00:01]} 16. Nf3 {[%emt 0:00:01]} Re8 {[%emt 0:00:04]} 17. b4 {[%emt 0:00:00]} Qc7 {[%emt 0:00:02]} 18. Bxh6 {[%emt 0:00:03]} gxh6 {[%emt 0:00:01]} 19. Qxh6 {[%emt 0:00:00]} Bg7 {[%emt 0:00:00]} 20. Qg5 {[%emt 0:00:02]} Qe7 {[%emt 0:00:01]} 21. Qg3 {[%emt 0:00:02]} Qf6 {[%emt 0:00:01]} 22. Rad1 {[%emt 0:00:02]} Be4 {[%emt 0:00:01]} 23. Ne5 {[%emt 0:00:01]} Kf8 {[%emt 0:00:03]} 24. Rfe1 {[%emt 0:00:01]} Ke7 {[%emt 0:00:01]} 25. Re3 {[%emt 0:00:02]} Rg8 {[%emt 0:00:02]} 26. Kf1 {[%emt 0:00:10]} Bh6 {[%emt 0:00:02]} 27. Nxc6+ {[%emt 0:00:03]} Rxc6 {[%emt 0:00:02]} 28. Rxe4 {[%emt 0:00:01]} Rxg3 {[%emt 0:00:02]} 29. Rxe6+ {[%emt 0:00:02] Justwatch terk eder (Lag: Av=0.49s, max=0.6s)} Rxe6 {[%emt 0:00:01]} 0-1

[Event "Stay Safe Play From Home 176"]
[Site "T#646357Emanuel Laske"]
[Date "2020.05.26"]
[Round "3"]
[White "matanant"]
[Black "Mest"]
[Result "0-1"]
[WhiteElo "1716"]
[BlackElo "1688"]
[Annotator "NA RC"]
[PlyCount "66"]
[EventDate "2020.05.26"]
[EventType "swiss (blitz)"]

1. b3 {[%emt 0:00:02]} d5 {[%emt 0:00:00]} 2. Bb2 {[%emt 0:00:01]} Nf6 {[%emt 0:00:00]} 3. e3 {[%emt 0:00:00]} e6 {[%emt 0:00:00]} 4. f4 {[%emt 0:00:00]} Be7 {[%emt 0:00:00]} 5. Nf3 {[%emt 0:00:00]} c5 {[%emt 0:00:00]} 6. Be2 {[%emt 0:00:00]} b6 {[%emt 0:00:00]} 7. O-O {[%emt 0:00:00]} Bb7 {[%emt 0:00:00]} 8. Bb5+ {[%emt 0:00:01]} Nbd7 {[%emt 0:00:01]} 9. Ne5 {[%emt 0:00:02]} a6 {[%emt 0:00:01]} 10. Nxd7 {[%emt 0:00:02]} Nxd7 {[%emt 0:00:00]} 11. Bxd7+ {[%emt 0:00:02]} Qxd7 {[%emt 0:00:01]} 12. Bxg7 {[%emt 0:00:01]} Rg8 {[%emt 0:00:01]} 13. Be5 {[%emt 0:00:01]} d4 {[%emt 0:00:01]} 14. Rf2 {[%emt 0:00:04]} f6 {[%emt 0:00:01]} 15. Qh5+ {[%emt 0:00:02]} Kd8 {[%emt 0:00:02]} 16. Qxh7 {[%emt 0:00:02]} Rf8 {[%emt 0:00:01]} 17. exd4 {[%emt 0:00:04]} fxe5 {[%emt 0:00:01]} 18. fxe5 {[%emt 0:00:05]} Rxf2 {[%emt 0:00:02]} 19. d5 {[%emt 0:00:02]} Bxd5 {[%emt 0:00:09]} 20. Nc3 {[%emt 0:00:00]} Rf8 {[%emt 0:00:03]} 21. Re1 {[%emt 0:00:05]} Kc7 {[%emt 0:00:01]} 22. Nxd5+ {[%emt 0:00:03]} exd5 {[%emt 0:00:03]} 23. d4 {[%emt 0:00:08]} Rae8 {[%emt 0:00:01]} 24. c3 {[%emt 0:00:02]} cxd4 {[%emt 0:00:01]} 25. cxd4 {[%emt 0:00:01]} Bb4 {[%emt 0:00:01]} 26. Rc1+ {[%emt 0:00:01]} Kd8 {[%emt 0:00:02]} 27. Qh4+ {[%emt 0:00:01]} Re7 {[%emt 0:00:01]} 28. a3 {[%emt 0:00:02]} Bxa3 {[%emt 0:00:02]} 29. Rf1 {[%emt 0:00:00]} Rfe8 {[%emt 0:00:01]} 30. Rf6 {[%emt 0:00:03]} Kc8 {[%emt 0:00:01]} 31. Qh6 {[%emt 0:00:02]} Re6 {[%emt 0:00:02]} 32. Rxe6 {[%emt 0:00:01]} Qxe6 {[%emt 0:00:00]} 33. Qh3 {[%emt 0:00:00]} Kb7 {[%emt 0:00:01] Time (Lag: Av=0.88s, max=1.1s)} 0-1

[Event "Stay Safe Play From Home 176"]
[Site "T#646357Emanuel Laske"]
[Date "2020.05.26"]
[Round "4"]
[White "Mepe_Nika"]
[Black "Eidgenosse"]
[Result "0-1"]
[WhiteElo "2251"]
[BlackElo "2411"]
[Annotator "TA"]
[PlyCount "81"]
[EventDate "2020.05.26"]
[EventType "swiss (blitz)"]

{[%evp 9,81,29,17,6,41,22,34,21,29,0,31,21,28,21,23,0,50,0,0,0,0,-28,0,-9,10,9,35,28,50,28,56,34,53,64,50,-147,-131,-159,-119,-179,-119,-98,-82,-607,-98,-335,-99,-99,-99,-353,-345,-436,-435,-496,-488,-491,-460,-468,-452,-506,-499,-491,-460,-470,-479,-722,-708,-692,-676,-761,-674,-656,-532,-479]} 1. d4 d6 2. e4 Nf6 3. Nc3 e5 4. Nge2 Nbd7 5. g3 c6 6. Bg2 {B07: Pirc Defence: Miscellaneous Systems.} h5 {[#]} 7. h4 $146 ({Predecessor:} 7. h3 h4 8. g4 exd4 9. Nxd4 Ne5 10. f4 Nexg4 11. hxg4 h3 12. Be3 Nxg4 13. Qe2 {1-0 (74) Taztdinov,R (2110)-Abelguzin,D (2399) Ufa 2017}) 7... Be7 8. O-O {White is slightly better.} O-O 9. Bg5 Ng4 10. Bxe7 Qxe7 11. Qd2 b5 12. a3 a6 13. Rad1 Rd8 14. f3 Ngf6 15. Qe3 Bb7 16. Nc1 c5 17. d5 c4 18. b4 cxb3 19. cxb3 Rac8 20. N1e2 Nc5 21. b4 Ncd7 22. f4 $2 (22. Nb1 $14 {stays ahead.}) 22... Ng4 $17 23. Qd3 Rf8 24. Bf3 {[#]} (24. Bh3 $17 {is a better defense.}) 24... Ndf6 (24... exf4 $1 $19 {...Nde5 is the strong threat.} 25. Bxg4 Ne5) 25. Kg2 Qc7 26. Ng1 $2 {[%mdl 8192]} (26. Rc1 $17) 26... Qc4 $2 (26... Qxc3 $19 27. Rfe1 exf4 28. gxf4 Qxd3 29. Rxd3 Rc4) 27. Qxc4 $2 (27. Nge2 $17 {keeps fighting.}) 27... Rxc4 $2 ({Inferior is} 27... bxc4 28. Rfe1 $11) (27... Ne3+ $19 28. Kf2 Nxd1+ 29. Rxd1 Rxc4) 28. Rd3 Rfc8 29. Nce2 $2 {[%mdl 8192] [#]} (29. Nge2 $17 {was the only chance.}) 29... Nxe4 $19 30. Bxg4 hxg4 {Black is clearly winning.} 31. fxe5 dxe5 32. Rfd1 Nd6 33. Kf2 f5 34. Ke1 Rc2 35. R3d2 Kf7 36. Rxc2 Rxc2 37. Rc1 (37. Nc1 $142 Rg2 38. Nge2) 37... Rxc1+ 38. Nxc1 Bxd5 39. Nge2 Ke6 40. Nc3 Nc4 41. Nd3 {Accuracy: White = 53%, Black = 59%.} 0-1

[Event "Stay Safe Play From Home 176"]
[Site "T#646357Emanuel Laske"]
[Date "2020.05.26"]
[Round "4"]
[White "SoulofWolf"]
[Black "Tunca"]
[Result "*"]
[WhiteElo "2185"]
[BlackElo "1851"]
[Annotator "TA"]
[PlyCount "56"]
[EventDate "2020.05.26"]
[EventType "swiss (blitz)"]

{[%evp 9,56,22,39,33,34,0,0,0,10,-16,22,0,20,-10,20,23,30,23,58,39,54,32,72,63,79,65,127,45,62,-16,93,60,107,95,101,77,135,113,159,146,157,14,97,-173,-83,-202,-213,-263,-271]} 1. d4 d6 2. Nf3 g6 3. b3 Bg7 4. Bb2 Nd7 5. c4 c5 6. e3 {A41: 1 d4 d6: Tartakower System and Modern Defence.} Ngf6 7. Nbd2 O-O 8. Be2 {The position is equal.} Re8 9. O-O Qc7 10. Qc2 a6 {[#]} 11. a4 $146 ({Predecessor:} 11. Rfd1 Rb8 12. Rac1 b6 13. e4 cxd4 14. Bxd4 Bb7 15. Bf1 e5 16. Bb2 Nc5 17. Re1 {1-0 (41) Kornrumpf,J (2121)-Windolf,M (1839) Berlin 2008}) 11... Rb8 12. a5 $36 {[%mdl 2048] White is more active.} b5 13. axb6 Nxb6 14. Bc3 Bb7 15. Ba5 Nfd7 16. Ra2 Qc8 17. d5 Na8 (17... e6 $14) 18. Ne1 (18. h4 $16) 18... Nc7 $14 19. f4 ({Better is} 19. e4 $14) 19... Rf8 (19... e6 $11 20. Ne4 Bf8) 20. Bd3 Ne8 21. Nef3 Nef6 22. h3 Nh5 (22... e6 $142) 23. Kh2 Re8 24. g4 Nhf6 {[#]} 25. Rf2 ({White should try} 25. f5 $1 $16) 25... Nf8 (25... Nxg4+ $11 26. hxg4 Nf6) 26. Ra1 $2 {[%mdl 8192] [#]} (26. e4 $16 {keeps the pressure on.}) 26... e6 (26... Nxd5 $1 $19 27. Re1 Nb4 28. Bxb4 cxb4) 27. Raf1 (27. dxe6 $17 Nxg4+ {[%mdl 64] Discovered Attack} 28. hxg4 Bxa1 29. exf7+ Kxf7 30. Be4) 27... exd5 $19 28. cxd5 Nxd5 {Accuracy: White = 43%, Black = 42%.} ({Not} 28... Rxe3 29. Nc4 $17) *

[Event "Stay Safe Play From Home 176"]
[Site "T#646357Emanuel Laske"]
[Date "2020.05.26"]
[Round "4"]
[White "Lazieri3"]
[Black "Praveen prasad"]
[Result "0-1"]
[WhiteElo "2031"]
[BlackElo "2256"]
[Annotator "TA"]
[PlyCount "69"]
[EventDate "2020.05.26"]
[EventType "swiss (blitz)"]

{[%evp 9,69,3,22,15,16,20,49,24,35,32,32,21,40,3,39,31,33,15,22,7,21,0,5,-14,15,0,0,0,4,-13,18,21,23,22,47,23,27,21,30,22,33,31,32,32,49,31,37,0,34,8,17,0,42,38,52,1,28,0,24,23,24,24]} 1. e4 d5 2. Nc3 dxe4 3. Nxe4 Nf6 4. Nxf6+ exf6 5. Nf3 Be7 6. d4 {A00: Irregular Openings.} O-O 7. c3 c6 {[#]} 8. Be3 $146 {White is slightly better.} ({Predecessor:} 8. Bd3 Re8 9. O-O Bd6 10. Qc2 g6 11. Be3 Nd7 12. Rfe1 Nf8 13. h3 Be6 14. Qd2 {1-0 (78) Vinarcik,J (1887)-Biro,K (2035) Tatranske Matliare 2019}) 8... Re8 9. Bd3 Bg4 10. h3 Bh5 11. O-O (11. Qb3 {is interesting.} Nd7 12. O-O-O Nb6 13. Kb1 Qd7 14. Qc2) 11... Bg6 12. Bxg6 hxg6 13. Re1 Nd7 14. Bf4 Nf8 15. Bg3 Qd7 16. Nd2 Bd6 17. Bxd6 Qxd6 18. Qf3 (18. Nc4 {is more complex.} Qd7 19. Ne3 f5 20. Qb3 Ne6 21. Rad1) 18... Qd7 19. Qg4 (19. Nc4 {looks sharper.} Ne6 20. Re3 Ng5 21. Qg4 Qd5 22. b3) 19... Qxg4 20. hxg4 Nd7 21. Nc4 Re6 22. Na5 Rb8 23. f3 Kf8 24. Kf2 Ke7 25. a3 Kd6 26. Nc4+ Kc7 27. Rxe6 fxe6 $14 {[%mdl 4096] Endgame KRN-KRN} 28. Rh1 Re8 29. Rh7 Re7 30. Rh8 Nb6 31. Nxb6 Kxb6 32. b3 (32. g5 $14) 32... g5 33. a4 Kc7 34. Rf8 Kd7 35. Ra8 {[%mdl 32768] Accuracy: White = 76%, Black = 71%. . Loss on time!?} 0-1

[Event "Stay Safe Play From Home 176"]
[Site "T#646357Emanuel Laske"]
[Date "2020.05.26"]
[Round "4"]
[White "Fischer_11"]
[Black "matanant"]
[Result "*"]
[WhiteElo "1915"]
[BlackElo "1698"]
[Annotator "NA"]
[PlyCount "38"]
[EventDate "2020.05.26"]
[EventType "swiss (blitz)"]

1. e4 {[%emt 0:00:02]} e5 {[%emt 0:00:01]} 2. Nc3 {[%emt 0:00:01]} d5 {[%emt 0:00:00]} 3. Bc4 {[%emt 0:00:00]} dxc4 {[%emt 0:00:01]} 4. Qe2 {[%emt 0:00:00]} Qd4 {[%emt 0:00:03]} 5. Nf3 {[%emt 0:00:01]} Qc5 {[%emt 0:00:02]} 6. O-O {[%emt 0:00:02]} Nc6 {[%emt 0:00:02]} 7. b3 {[%emt 0:00:01]} cxb3 {[%emt 0:00:02]} 8. axb3 {[%emt 0:00:00]} Bg4 {[%emt 0:00:02]} 9. Ba3 {[%emt 0:00:02]} Qb6 {[%emt 0:00:06]} 10. Nd5 {[%emt 0:00:03]} Nd4 {[%emt 0:00:07]} 11. Nxd4 {[%emt 0:00:15]} Bxe2 {[%emt 0:00:03]} 12. Nxb6 {[%emt 0:00:01]} cxb6 {[%emt 0:00:08]} 13. Nxe2 {[%emt 0:00:02]} Bxa3 {[%emt 0:00:02]} 14. Rxa3 {[%emt 0:00:00]} Nf6 {[%emt 0:00:01]} 15. d3 {[%emt 0:00:03]} O-O {[%emt 0:00:00]} 16. f4 {[%emt 0:00:01]} a6 {[%emt 0:00:01]} 17. fxe5 {[%emt 0:00:02]} Ng4 {[%emt 0:00:01]} 18. d4 {[%emt 0:00:03]} Ne3 {[%emt 0:00:03]} 19. Rc1 {[%emt 0:00:03]} b5 {[%emt 0:00:00]} *

[Event "Stay Safe Play From Home 176"]
[Site "T#646357Emanuel Laske"]
[Date "2020.05.26"]
[Round "4"]
[White "Trotsky"]
[Black "Mest"]
[Result "*"]
[WhiteElo "1602"]
[BlackElo "1707"]
[Annotator "NA RC"]
[PlyCount "48"]
[EventDate "2020.05.26"]
[EventType "swiss (blitz)"]

1. d4 {[%emt 0:00:01]} d5 {[%emt 0:00:03]} 2. e3 {[%emt 0:00:01]} Nf6 {[%emt 0:00:00]} 3. c4 {[%emt 0:00:01]} Bf5 {[%emt 0:00:01]} 4. Nc3 {[%emt 0:00:01]} dxc4 {[%emt 0:00:01]} 5. Bxc4 {[%emt 0:00:02]} c6 {[%emt 0:00:01]} 6. a3 {[%emt 0:00:01]} e6 {[%emt 0:00:01]} 7. Bd3 {[%emt 0:00:01]} Bg6 {[%emt 0:00:01]} 8. Qc2 {[%emt 0:00:01]} Be7 {[%emt 0:00:01]} 9. h4 {[%emt 0:00:01]} h5 {[%emt 0:00:02]} 10. Nh3 {[%emt 0:00:02]} Bxd3 {[%emt 0:00:01]} 11. Qxd3 {[%emt 0:00:01]} Nbd7 {[%emt 0:00:01]} 12. Bd2 {[%emt 0:00:01]} Nd5 {[%emt 0:00:01]} 13. e4 {[%emt 0:00:05]} Nxc3 {[%emt 0:00:01]} 14. Bxc3 {[%emt 0:00:01]} Qc7 {[%emt 0:00:01]} 15. d5 {[%emt 0:00:03]} exd5 {[%emt 0:00:01]} 16. Bxg7 {[%emt 0:00:02]} Rg8 {[%emt 0:00:01]} 17. Bh6 {[%emt 0:00:07]} dxe4 {[%emt 0:00:01]} 18. Qc2 {[%emt 0:00:07]} O-O-O {[%emt 0:00:01]} 19. O-O-O {[%emt 0:00:01]} Nb6 {[%emt 0:00:01]} 20. Kb1 {[%emt 0:00:01]} Nd5 {[%emt 0:00:03]} 21. Rc1 {[%emt 0:00:02]} f5 {[%emt 0:00:02]} 22. Qa4 {[%emt 0:00:03]} Kb8 {[%emt 0:00:03]} 23. Nf4 {[%emt 0:00:03]} Nxf4 {[%emt 0:00:03]} 24. g3 {[%emt 0:00:01]} Bd6 {[%emt 0:00:03]} *